[Event "WYCC U16"]
[Site "Vung Tau VIE"]
[Date "2008.10.30"]
[Round "11"]
[White "Saeed, Ishaq"]
[Black "Thavandiran, Shiyam"]
[Result "1-0"]
[WhiteElo "2179"]
[BlackElo "2338"]
[PlyCount "77"]
[EventDate "2008.10.20"]
[EventType "swiss"]
[EventRounds "11"]
[EventCountry "VIE"]
[Source "Mark Crowther"]
[SourceDate "2008.11.03"]

1. d4 Nf6 2. c4 e6 3. Nc3 d5 4. cxd5 exd5 5. Bg5 Nbd7 6. e3 Bb4 7. Bd3 O-O 8.
Nge2 Re8 9. O-O c6 10. Qc2 h6 11. Bh4 a5 12. Rad1 Bd6 13. Bg3 Nf8 14. e4 dxe4
15. Nxe4 Bxg3 16. N2xg3 Nd5 17. Qd2 h5 18. Nc3 h4 19. Nge4 Ng6 20. Rfe1 h3 21.
Nxd5 cxd5 22. Ng5 Nf8 23. Qf4 f6 24. Nxh3 Bxh3 25. gxh3 Qb6 26. Kh1 Rxe1+ 27.
Rxe1 Qxb2 28. Rg1 Qb6 29. Qg3 g5 30. h4 Qxd4 31. hxg5 f5 32. Bxf5 Re8 33. g6
Re7 34. h4 Qe5 35. Qg5 d4 36. g7 Qd5+ 37. Kh2 Qe5+ 38. Rg3 Rxg7 39. Bh7+ 1-0

[Event "CAN-ch"]
[Site "Kitchener CAN"]
[Date "2007.08.01"]
[Round "2"]
[White "Thavandiran, Shiyam"]
[Black "Gentes, Kevin"]
[Result "1-0"]
[WhiteElo "2269"]
[BlackElo "2307"]
[PlyCount "81"]
[EventDate "2007.08.01"]
[EventType "swiss"]
[EventRounds "9"]
[EventCountry "CAN"]

1. e4 c5 2. Nf3 d6 3. d4 cxd4 4. Nxd4 Nf6 5. f3 a6 6. c4 e6 7. Be3 Be7 8. Nc3
O-O 9. Be2 b6 10. O-O Bb7 11. Qd2 Nbd7 12. a4 Ne5 13. Rfc1 Rc8 14. b3 Re8 15.
Kh1 Ned7 16. Rab1 Ne5 17. Qe1 Nfd7 18. Rd1 g5 19. Rbc1 Kh8 20. Qf1 Rg8 21. b4
Qf8 22. Nb3 Qg7 23. a5 bxa5 24. Nxa5 Ba8 25. b5 axb5 26. cxb5 Nc5 27. b6 Rb8
28. Rb1 Ned7 29. Nc4 Bf6 30. Nb5 d5 31. exd5 exd5 32. Ncd6 Rxb6 33. Qf2 Rc6 34.
Rxd5 Qg6 35. Rbd1 Rxd6 36. Rxd6 Qf5 37. Nd4 Qe5 38. Nc6 Qe8 39. Bb5 g4 40. Bxc5
gxf3 41. Qxf3 1-0

[Event "CAN-ch"]
[Site "Kitchener CAN"]
[Date "2007.08.02"]
[Round "3"]
[White "Ochkoos, Jura"]
[Black "Thavandiran, Shiyam"]
[Result "1-0"]
[WhiteElo "2319"]
[BlackElo "2269"]
[PlyCount "67"]
[EventDate "2007.08.01"]
[EventType "swiss"]
[EventRounds "9"]
[EventCountry "CAN"]

1. e4 e6 2. d4 d5 3. e5 c5 4. c3 Qb6 5. Nf3 Nc6 6. a3 Nh6 7. b4 cxd4 8. Bxh6
gxh6 9. cxd4 Bd7 10. Be2 Rc8 11. O-O Bg7 12. Qd3 O-O 13. Nbd2 Ne7 14. Nb3 Qd8
15. Nc5 b6 16. Nb7 Qc7 17. Nd6 Rcd8 18. Rac1 Qb8 19. Bd1 f6 20. Bc2 Ng6 21. Nh4
f5 22. Qg3 Ne7 23. Bb3 Be8 24. Qc3 Rxd6 25. exd6 Nc6 26. Nf3 Qxd6 27. Rfe1 Rf7
28. Ba4 Nxd4 29. Bxe8 Ne2+ 30. Rxe2 Bxc3 31. Bxf7+ Kxf7 32. Rxc3 Qf4 33. g3 Qd6
34. Rc6 1-0

[Event "CAN-ch"]
[Site "Kitchener CAN"]
[Date "2007.08.03"]
[Round "4"]
[White "Mai, Lloyd"]
[Black "Thavandiran, Shiyam"]
[Result "0-1"]
[WhiteElo "2211"]
[BlackElo "2269"]
[PlyCount "72"]
[EventDate "2007.08.01"]
[EventType "swiss"]
[EventRounds "9"]
[EventCountry "CAN"]

1. e4 e6 2. d3 d5 3. Nd2 c5 4. g3 Bd6 5. Bg2 Ne7 6. f4 O-O 7. Ngf3 f6 8. O-O
Nbc6 9. c3 Rb8 10. a3 b5 11. exd5 exd5 12. b4 a5 13. bxc5 Bxc5+ 14. Kh1 Nf5 15.
Nb3 Ba7 16. d4 Be6 17. Re1 Bf7 18. Nc5 Nd6 19. Be3 Bxc5 20. dxc5 Ne4 21. Rc1
Re8 22. Nd4 Qd7 23. Bf1 Ne7 24. c6 Nxc6 25. Bxb5 Rxb5 26. Nxb5 Nxg3+ 27. Kg2
Bh5 28. Qb3 Ne4 29. h3 a4 30. Qxa4 Ne7 31. Qb3 Nf5 32. Bf2 Bf3+ 33. Kh2 Nxf2
34. Rxe8+ Qxe8 35. Qc2 Qe3 36. Qxf5 Ng4+ 0-1

[Event "CAN-ch"]
[Site "Kitchener CAN"]
[Date "2007.08.03"]
[Round "5"]
[White "Thavandiran, Shiyam"]
[Black "Mikanovic, Goran"]
[Result "1-0"]
[WhiteElo "2269"]
[BlackElo "2303"]
[PlyCount "79"]
[EventDate "2007.08.01"]
[EventType "swiss"]
[EventRounds "9"]
[EventCountry "CAN"]

1. e4 c5 2. Nf3 e6 3. d4 cxd4 4. Nxd4 a6 5. Bd3 Bc5 6. Nb3 Be7 7. Be3 d6 8. f4
Nf6 9. N1d2 Nc6 10. c3 Qc7 11. Qe2 O-O 12. g4 Nd7 13. g5 Re8 14. h4 Bf8 15. h5
b5 16. Nf3 e5 17. f5 Nc5 18. Nxc5 dxc5 19. g6 h6 20. f6 Nd4 21. cxd4 exd4 22.
e5 dxe3 23. gxf7+ Kxf7 24. Bg6+ Ke6 25. Bxe8 Qa5+ 26. Kf1 Bb7 27. Bg6 Qb4 28.
Qxe3 Rd8 29. Rh4 Qxb2 30. Re1 Qxa2 31. Bf7+ Kxf7 32. e6+ Kg8 33. e7 Re8 34. Rf4
gxf6 35. exf8=Q+ Rxf8 36. Qg1+ Kh8 37. Qg6 Bc8 38. Qxh6+ Kg8 39. Qg6+ Kh8 40.
Ng5 1-0

[Event "CAN-ch"]
[Site "Kitchener CAN"]
[Date "2007.08.03"]
[Round "7"]
[White "Thavandiran, Shiyam"]
[Black "Szalay, Karoly"]
[Result "1-0"]
[WhiteElo "2269"]
[BlackElo "2113"]
[PlyCount "97"]
[EventDate "2007.08.01"]
[EventType "swiss"]
[EventRounds "9"]
[EventCountry "CAN"]

1. e4 e5 2. Bc4 Nc6 3. Nc3 Bc5 4. d3 d6 5. Na4 Bb6 6. Nxb6 axb6 7. Ne2 Nf6 8.
Bg5 h6 9. Bh4 Na5 10. Nc3 Nxc4 11. dxc4 Be6 12. b3 Qd7 13. f3 Nh5 14. Bf2 Nf4
15. g3 Ng6 16. g4 h5 17. g5 h4 18. Be3 h3 19. Qe2 Nh4 20. O-O-O Ng2 21. Kb2 Qe7
22. Rhg1 g6 23. Qf2 O-O-O 24. a4 Kb8 25. Ra1 Nxe3 26. Qxe3 c5 27. f4 f5 28. a5
b5 29. cxb5 fxe4 30. Qxe4 Bf5 31. Qe2 e4 32. Rgd1 Qe6 33. Qe3 Rc8 34. Nd5 Qe8
35. c4 Rh7 36. a6 Qh8+ 37. Kc2 bxa6 38. Rxa6 Ra7 39. Rxa7 Kxa7 40. Nf6 Qf8 41.
Kb2 Qe7 42. Qc3 Kb7 43. Nd5 Qd8 44. Ra1 Qh8 45. Qxh8 Rxh8 46. Kc3 Rh4 47. b6
Rg4 48. Ra7+ Kb8 49. Ne7 1-0

[Event "CAN-ch"]
[Site "Kitchener CAN"]
[Date "2007.08.05"]
[Round "8"]
[White "Thavandiran, Shiyam"]
[Black "Stevens, Christian"]
[Result "1/2-1/2"]
[WhiteElo "2269"]
[BlackElo "2288"]
[PlyCount "83"]
[EventDate "2007.08.01"]
[EventType "swiss"]
[EventRounds "9"]
[EventCountry "CAN"]

1. e4 c5 2. Nf3 d6 3. d4 cxd4 4. Nxd4 Nf6 5. Nc3 Bd7 6. Bg5 e6 7. Ndb5 Bc6 8.
Bxf6 gxf6 9. Qh5 a6 10. Nd4 Bd7 11. O-O-O Nc6 12. Nxc6 bxc6 13. h4 Qb6 14. Rh3
Qxf2 15. Rf3 Qc5 16. Qxc5 dxc5 17. Na4 Ke7 18. Rb3 Bh6+ 19. Kb1 Bc8 20. Rb6 Rd8
21. Rxd8 Kxd8 22. Rxc6 Bb7 23. Rxc5 Bxe4 24. Ra5 Bd2 25. Rc5 f5 26. Rc4 Ke7 27.
Nc3 Bxc3 28. Rxc3 Rg8 29. Bxa6 Rxg2 30. b4 f4 31. b5 f3 32. b6 f2 33. a4 Rg1+
34. Kb2 f1=Q 35. Bxf1 Rxf1 36. b7 Bxb7 37. Rc7+ Kd6 38. Rxb7 Kc6 39. Rc7+ Kb6
40. h5 h6 41. Kb3 Ka5 42. Ra7+ 1/2-1/2

[Event "CAN-op"]
[Site "Ottawa CAN"]
[Date "2007.07.08"]
[Round "3"]
[White "Thavandiran, Shiyam"]
[Black "Rivas, Edgar"]
[Result "1-0"]
[WhiteElo "2337"]
[BlackElo "1807"]
[PlyCount "21"]
[EventDate "2007.07.07"]
[EventType "swiss"]
[EventRounds "10"]
[EventCountry "CAN"]

1. e4 c6 2. d4 d5 3. f3 dxe4 4. fxe4 e5 5. Nf3 exd4 6. Bc4 Nf6 7. O-O Be6 8.
Bxe6 fxe6 9. e5 Nd5 10. Ng5 Nc7 11. Nf7 1-0

[Event "Wch-U14"]
[Site "Batumi GEO"]
[Date "2006.10.21"]
[Round "3"]
[White "Tanaka, Christian"]
[Black "Thavandiran, Shiyam"]
[Result "1/2-1/2"]
[WhiteElo "2135"]
[BlackElo "2264"]
[PlyCount "41"]
[EventDate "2006.10.19"]
[EventType "swiss"]
[EventRounds "13"]
[EventCountry "GEO"]
[Source "Mark Crowther"]
[SourceDate "2006.10.30"]

1. d4 Nf6 2. c4 e6 3. Nc3 Bb4 4. Qc2 c5 5. dxc5 Na6 6. a3 Bxc3+ 7. Qxc3 Nxc5 8.
f3 d5 9. cxd5 b6 10. Bg5 O-O 11. Bxf6 Qxf6 12. Qxf6 gxf6 13. e3 Rd8 14. Rd1
Rxd5 15. Rxd5 exd5 16. b4 Nb3 17. Ne2 Ba6 18. Nd4 Nxd4 19. exd4 Rc8 20. Kd2
Bxf1 21. Rxf1 1/2-1/2

[Event "Wch-U14"]
[Site "Batumi GEO"]
[Date "2006.10.23"]
[Round "6"]
[White "Thavandiran, Shiyam"]
[Black "Janiashvili, Irakli"]
[Result "1-0"]
[WhiteElo "2264"]
[BlackElo "1996"]
[PlyCount "163"]
[EventDate "2006.10.19"]
[EventType "swiss"]
[EventRounds "13"]
[EventCountry "GEO"]
[Source "Mark Crowther"]
[SourceDate "2006.10.30"]

1. e4 e6 2. d4 d5 3. Nc3 Nf6 4. Bg5 Be7 5. e5 Nfd7 6. Bxe7 Qxe7 7. f4 a6 8. Nf3
c5 9. dxc5 Nxc5 10. Bd3 Nc6 11. O-O b5 12. Ne2 Qa7 13. Kh1 Bd7 14. a3 Rc8 15.
c3 Nxd3 16. Qxd3 Na5 17. Ned4 g6 18. Ng5 Nc4 19. Qh3 h5 20. Qh4 Bc6 21. Ngxe6
Qe7 22. Qxe7+ Kxe7 23. Nxc6+ Rxc6 24. Nd4 Rcc8 25. Rf2 f6 26. a4 fxe5 27. fxe5
bxa4 28. Rxa4 Rhf8 29. Rf6 Rxf6 30. exf6+ Kxf6 31. Rxa6+ Kf7 32. b4 Nd2 33. Nc6
Ne4 34. h4 Nxc3 35. Ne5+ Kf8 36. Nxg6+ Kg7 37. Nf4 Rc4 38. Nxh5+ Kh8 39. g3
Rxb4 40. Ra7 Ne4 41. Kg2 Rb2+ 42. Kf3 Rb3+ 43. Kf4 Rb4 44. Ke5 Nxg3 45. Nxg3
Rxh4 46. Nf5 Rh1 47. Kxd5 Kg8 48. Ke6 Re1+ 49. Kf6 Rf1 50. Rg7+ Kh8 51. Rg4 Rf2
52. Kg6 Kg8 53. Rh4 Rg2+ 54. Kf6 Rf2 55. Rh5 Rf1 56. Rh2 Rf4 57. Rb2 Rf1 58.
Ra2 Kh7 59. Ra8 Rf2 60. Rf8 Rf1 61. Rc8 Rf2 62. Rc4 Rf1 63. Rc2 Kg8 64. Rc3 Rf2
65. Kg6 Rg2+ 66. Ng3 Kf8 67. Kf6 Rf2+ 68. Nf5 Kg8 69. Rc8+ Kh7 70. Rc7+ Kg8 71.
Ke5 Re2+ 72. Kf6 Rf2 73. Rc5 Rf1 74. Rc2 Kh7 75. Re2 Kg8 76. Ke6 Kf8 77. Ne7
Kg7 78. Rg2+ Kh7 79. Rh2+ Kg7 80. Rg2+ Kh7 81. Ng8 Re1+ 82. Kf7 1-0

[Event "Wch-U14"]
[Site "Batumi GEO"]
[Date "2006.10.25"]
[Round "7"]
[White "Bregadze, Levan"]
[Black "Thavandiran, Shiyam"]
[Result "1-0"]
[WhiteElo "2269"]
[BlackElo "2264"]
[PlyCount "101"]
[EventDate "2006.10.19"]
[EventType "swiss"]
[EventRounds "13"]
[EventCountry "GEO"]
[Source "Mark Crowther"]
[SourceDate "2006.10.30"]

1. d4 e6 2. c4 Nf6 3. Nf3 d5 4. cxd5 exd5 5. Nc3 Bb4 6. Bg5 Nbd7 7. e3 c5 8.
Bd3 Qa5 9. O-O c4 10. Bf5 O-O 11. Qc2 Bxc3 12. bxc3 g6 13. Bxd7 Nxd7 14. e4 f6
15. Bh6 Re8 16. Rfe1 Nb6 17. e5 Bf5 18. Qd2 Nd7 19. Nh4 Bd3 20. e6 Nb8 21. Qf4
Qd8 22. Bg5 Kg7 23. e7 Qb6 24. Bh6+ Kg8 25. Bf8 g5 26. Qg4 Kh8 27. f4 Nd7 28.
Qxd7 gxh4 29. Qxd5 Bg6 30. f5 Bh5 31. Qe4 Qa5 32. Qxh4 Qxf5 33. Rf1 Qg5 34.
Qxg5 fxg5 35. d5 Kg8 36. d6 Rxf8 37. Rxf8+ Rxf8 38. exf8=Q+ Kxf8 39. Re1 Be8
40. Re7 Bc6 41. g3 a5 42. Kf2 b5 43. a3 h5 44. Ke3 h4 45. gxh4 gxh4 46. Kd4 h3
47. Kc5 Be8 48. Rh7 b4 49. d7 Bxd7 50. Rxd7 bxc3 51. Rd1 1-0

[Event "Wch-U14"]
[Site "Batumi GEO"]
[Date "2006.10.25"]
[Round "8"]
[White "Thavandiran, Shiyam"]
[Black "Popilsky, Gil"]
[Result "1/2-1/2"]
[WhiteElo "2264"]
[BlackElo "2194"]
[PlyCount "87"]
[EventDate "2006.10.19"]
[EventType "swiss"]
[EventRounds "13"]
[EventCountry "GEO"]
[Source "Mark Crowther"]
[SourceDate "2006.10.30"]

1. e4 c5 2. Nf3 e6 3. d4 cxd4 4. Nxd4 d6 5. c4 Nf6 6. Nc3 a6 7. Be3 b6 8. f3
Bb7 9. Be2 Nbd7 10. a4 Be7 11. O-O O-O 12. a5 Rb8 13. axb6 Nxb6 14. Nb3 Qc7 15.
Na5 Ba8 16. Qd2 d5 17. cxd5 exd5 18. Rfc1 Bb4 19. Qe1 Qe7 20. Qf2 dxe4 21. Nxe4
Nbd5 22. Nxf6+ Qxf6 23. Bd4 Qg5 24. Kh1 Nf4 25. Bf1 Rfe8 26. Nc6 Bxc6 27. Rxc6
a5 28. Rac1 h6 29. R6c4 Rb7 30. h4 Qf5 31. Bc5 Bxc5 32. Rxc5 Qf6 33. R1c2 Reb8
34. g3 Ne6 35. R5c3 Nd4 36. Rd2 Rb4 37. Bc4 Nb5 38. Bxb5 R4xb5 39. Kg2 h5 40.
Rdc2 g6 41. Qd2 Kg7 42. Rc6 Qe5 43. R6c3 Rd5 44. Qe3 1/2-1/2

[Event "Wch-U14"]
[Site "Batumi GEO"]
[Date "2006.10.26"]
[Round "9"]
[White "Zhao Nan"]
[Black "Thavandiran, Shiyam"]
[Result "0-1"]
[WhiteElo "2255"]
[BlackElo "2264"]
[PlyCount "150"]
[EventDate "2006.10.19"]
[EventType "swiss"]
[EventRounds "13"]
[EventCountry "GEO"]
[Source "Mark Crowther"]
[SourceDate "2006.10.30"]

1. e4 e6 2. d4 d5 3. Nc3 Bb4 4. e5 Ne7 5. a3 Bxc3+ 6. bxc3 b6 7. Nf3 Ba6 8.
Bxa6 Nxa6 9. O-O h6 10. a4 Nb8 11. Nh4 Nbc6 12. f4 Qd7 13. Qd3 Nf5 14. Nf3 h5
15. Ba3 Na5 16. Nd2 Qc6 17. Bb4 Nc4 18. a5 Kd7 19. Nxc4 Qxc4 20. Qxc4 dxc4 21.
Kf2 Kc6 22. g3 Rag8 23. h3 g5 24. g4 hxg4 25. hxg4 Nh4 26. fxg5 Rxg5 27. Kg3
Rg7 28. Rh1 Rgh7 29. Kf2 Kb7 30. Rh3 Ng6 31. Rxh7 Rxh7 32. Kg3 a6 33. Rb1 b5
34. Rf1 Kc6 35. Ba3 Kd5 36. Rf2 Kc6 37. Rf1 Kd7 38. Rf2 c6 39. Rf1 Ke8 40. Re1
Rh8 41. Rf1 Ne7 42. Bxe7 Kxe7 43. Rd1 Rb8 44. Kf3 Kd7 45. Rh1 Rf8 46. Ke4 Rg8
47. Kf4 Ke7 48. Rh7 Ke8 49. g5 Ke7 50. Kg4 Kf8 51. Kh5 Ke7 52. Rh6 Rf8 53. Kg4
Rg8 54. Rh7 Kf8 55. Kh5 Ke8 56. Rh6 Ke7 57. g6 Rg7 58. Kg5 Rg8 59. Kh5 Rg7 60.
gxf7 Rxf7 61. Kg6 Rf3 62. Rh7+ Kd8 63. Ra7 Kc8 64. Re7 Rxc3 65. Rxe6 Kd7 66.
Kf7 Rxc2 67. Rf6 Re2 68. e6+ Kd6 69. e7+ Kd7 70. d5 Rxe7+ 71. Kf8 Re8+ 72. Kf7
Rc8 73. d6 c3 74. Rf3 b4 75. Rd3 c2 0-1

[Event "CAN-ch FM playoff"]
[Site "Toronto CAN"]
[Date "2006.08.28"]
[Round "3"]
[White "Thavandiran, Shiyam"]
[Black "Haessel, Dale"]
[Result "1-0"]
[WhiteElo "2264"]
[BlackElo "2195"]
[PlyCount "141"]
[EventDate "2006.08.28"]
[EventType "tourn (rapid)"]
[EventRounds "3"]
[EventCountry "CAN"]
[Source "Mark Crowther"]
[SourceDate "2006.09.04"]

1. e4 c5 2. Nf3 d6 3. d4 cxd4 4. Nxd4 Nf6 5. f3 e5 6. Nb3 Be6 7. c4 Qc7 8. Na3
Be7 9. Be3 a6 10. Be2 Nbd7 11. O-O O-O 12. Rc1 Nc5 13. Nxc5 dxc5 14. Nb1 b5 15.
cxb5 axb5 16. a3 c4 17. Qe1 Nd7 18. Nc3 Bc5 19. Qf2 Rab8 20. Rfd1 Bxe3 21. Qxe3
Nc5 22. Nd5 Bxd5 23. Rxd5 Nb3 24. Rcd1 Nd4 25. Rc1 Rfd8 26. Rxd8+ Rxd8 27. g3
f6 28. Kg2 Qa5 29. Rd1 Qa4 30. Rd2 Rc8 31. f4 c3 32. bxc3 Qxa3 33. fxe5 fxe5
34. Rd3 Nxe2 35. Qxe2 h6 36. Qg4 Qb2+ 37. Kh3 Rf8 38. Rd7 Rf7 39. Rxf7 Kxf7 40.
Qf5+ Kg8 41. Qxe5 Qe2 42. Qe6+ Kh8 43. Qc8+ Kh7 44. Qf5+ Kg8 45. e5 Qe3 46. e6
Qxc3 47. Qf7+ Kh7 48. Qf5+ g6 49. Qxb5 Qf6 50. Qd7+ Kg8 51. Qe8+ Kg7 52. Qd7+
Kg8 53. Qc8+ Kg7 54. Qd7+ Kg8 55. Qc8+ Qf8 56. Qc4 Qe7 57. Qe4 Kg7 58. Qe5+ Qf6
59. Qc7+ Kf8 60. Qc8+ Kg7 61. Qd7+ Kg8 62. Qc8+ Qf8 63. Qc4 Kh8 64. Kg2 Qa8+
65. Kf2 Qa7+ 66. Kf3 Kg7 67. Qc3+ Kg8 68. Qc8+ Kg7 69. Qd7+ Qxd7 70. exd7 Kg8
71. d8=Q+ 1-0

[Event "CAN-ch"]
[Site "Toronto CAN"]
[Date "2006.08.19"]
[Round "2"]
[White "Gerzhoy, Leonid"]
[Black "Thavandiran, Shiyam"]
[Result "1-0"]
[WhiteElo "2386"]
[BlackElo "2264"]
[PlyCount "145"]
[EventDate "2006.08.18"]
[EventType "swiss"]
[EventRounds "9"]
[EventCountry "CAN"]
[Source "Mark Crowther"]
[SourceDate "2006.08.21"]

1. Nf3 c5 2. c4 Nf6 3. Nc3 Nc6 4. g3 g6 5. Bg2 d6 6. d4 cxd4 7. Nxd4 Bd7 8. Nc2
Bg7 9. b3 Qc8 10. h3 O-O 11. Bb2 a6 12. Rc1 Nh5 13. Qd2 Rb8 14. Ne3 f5 15. Ned5
Qd8 16. e3 b5 17. cxb5 axb5 18. O-O b4 19. Ne2 Bxb2 20. Qxb2 Ne5 21. Rfd1 Re8
22. Nef4 Ng7 23. Nd3 Nxd3 24. Rxd3 Ne6 25. Nf4 Nxf4 26. exf4 Be6 27. Re3 Bf7
28. Rce1 Rb6 29. Qd4 Qc7 30. g4 fxg4 31. hxg4 Qc5 32. Qb2 e5 33. fxe5 Rxe5 34.
Rxe5 dxe5 35. Rxe5 Qc7 36. Re3 Rd6 37. Qe2 Qd7 38. Bf3 Rd2 39. Qa6 Kg7 40. Qb6
Rxa2 41. Qxb4 Qd2 42. Qxd2 Rxd2 43. Re7 Kf6 44. Rb7 Be6 45. b4 Rd3 46. Be2 Rd2
47. Kf1 Rb2 48. f4 h5 49. Rb6 Ke7 50. f5 gxf5 51. gxh5 f4 52. h6 Rb1+ 53. Kg2
Bd5+ 54. Kf2 Rh1 55. Bf3 Bxf3 56. Kxf3 Kf7 57. Kxf4 Rb1 58. Ke5 Kg8 59. Kd5 Kh8
60. Kc5 Kh7 61. Rd6 Rc1+ 62. Kb6 Rb1 63. b5 Rb2 64. Kc6 Rc2+ 65. Kb7 Rc3 66. b6
Rc2 67. Kb8 Rc3 68. b7 Ra3 69. Kc7 Rc3+ 70. Rc6 Rd3 71. b8=Q Rd7+ 72. Kb6 Rd8
73. Qb7+ 1-0

[Event "CAN-ch"]
[Site "Toronto CAN"]
[Date "2006.08.20"]
[Round "3"]
[White "Thavandiran, Shiyam"]
[Black "Chung, Kevin"]
[Result "1-0"]
[WhiteElo "2264"]
[BlackElo "2047"]
[PlyCount "63"]
[EventDate "2006.08.18"]
[EventType "swiss"]
[EventRounds "9"]
[EventCountry "CAN"]
[Source "Mark Crowther"]
[SourceDate "2006.08.21"]

1. e4 e6 2. d4 d5 3. Nc3 Bb4 4. exd5 exd5 5. Bd3 Nc6 6. a3 Bxc3+ 7. bxc3 Be6 8.
Qf3 Qd7 9. Ne2 O-O-O 10. O-O Nf6 11. h3 Ne4 12. c4 Rhe8 13. Be3 f5 14. cxd5
Bxd5 15. c4 Bf7 16. Rac1 g5 17. Rfd1 Bg6 18. Bxe4 fxe4 19. Qf6 Rg8 20. d5 Rdf8
21. Qc3 Nd8 22. Qd4 b6 23. c5 Kb8 24. c6 Qc8 25. a4 Nf7 26. a5 Nd6 27. Qb4 Rf3
28. axb6 Rxe3 29. b7 Qf5 30. fxe3 g4 31. Ra1 gxh3 32. Rxa7 1-0

[Event "CAN-ch"]
[Site "Toronto CAN"]
[Date "2006.08.24"]
[Round "7"]
[White "Thavandiran, Shiyam"]
[Black "Henry, Liam"]
[Result "1-0"]
[WhiteElo "2264"]
[BlackElo "2090"]
[PlyCount "69"]
[EventDate "2006.08.18"]
[EventType "swiss"]
[EventRounds "9"]
[EventCountry "CAN"]
[Source "Mark Crowther"]
[SourceDate "2006.08.28"]

1. d4 Nf6 2. Nf3 g6 3. Nbd2 d5 4. e3 Bg7 5. b4 O-O 6. Be2 c6 7. c4 Ne4 8. Bb2
f5 9. O-O Kh8 10. cxd5 cxd5 11. b5 Be6 12. a4 Nd7 13. a5 Ndf6 14. a6 b6 15. Ne5
Nxd2 16. Qxd2 Ne4 17. Qb4 Bxe5 18. dxe5 Rc8 19. Rfd1 Qd7 20. f3 Nc5 21. Bc4 Kg8
22. Ba2 Rfd8 23. Rac1 Qe8 24. Bd4 Nd7 25. e4 Qf7 26. exf5 gxf5 27. Rc6 Nb8 28.
Rxc8 Rxc8 29. Qd2 Nd7 30. Rc1 Nf8 31. Rxc8 Bxc8 32. Qc1 Bd7 33. Qg5+ Ng6 34. h4
Kf8 35. h5 1-0

[Event "CAN-ch"]
[Site "Toronto CAN"]
[Date "2006.08.26"]
[Round "9"]
[White "Thavandiran, Shiyam"]
[Black "Ochkoos, Jura"]
[Result "1-0"]
[WhiteElo "2264"]
[BlackElo "2305"]
[PlyCount "79"]
[EventDate "2006.08.18"]
[EventType "swiss"]
[EventRounds "9"]
[EventCountry "CAN"]
[Source "Mark Crowther"]
[SourceDate "2006.08.28"]

1. e4 e5 2. Nf3 Nc6 3. Nc3 Nf6 4. d4 exd4 5. Nd5 Nxe4 6. Qe2 f5 7. Ng5 d3 8.
cxd3 Nd4 9. Qh5+ g6 10. Qh4 c6 11. dxe4 cxd5 12. exd5 Bg7 13. Kd1 h6 14. Nf3
Qxh4 15. Nxh4 Kf7 16. Bd2 g5 17. Nf3 Nxf3 18. gxf3 Bxb2 19. Rb1 Be5 20. Bd3 b6
21. Bxf5 d6 22. Be4 Bh3 23. Rb3 Bd7 24. Ke2 Rac8 25. h4 gxh4 26. Rxh4 h5 27.
Bg5 Rcg8 28. f4 Bf6 29. Rg3 Re8 30. Ke3 Bf5 31. f3 Bd7 32. Bxf6 Kxf6 33. Rg6+
Ke7 34. f5 Ref8 35. Kf4 b5 36. Kg5 a5 37. f6+ Kd8 38. Bf5 Rhg8 39. Be6 Rxg6+
40. Kxg6 1-0

[Event "Richmond Hill Pro-Am int."]
[Site "Richmond Hill CAN"]
[Date "2006.??.??"]
[Round "1"]
[White "Thavandiran, Shiyam"]
[Black "Fedorowicz, John"]
[Result "0-1"]
[WhiteElo "2264"]
[BlackElo "2482"]
[PlyCount "80"]
[EventDate "2006.08.04"]
[EventType "tourn"]
[EventRounds "9"]
[EventCountry "CAN"]

1. e4 c5 2. Nf3 d6 3. d4 cxd4 4. Nxd4 Nf6 5. Nc3 Nc6 6. Bg5 e6 7. Qd2 a6 8.
O-O-O Bd7 9. f4 b5 10. Nxc6 Bxc6 11. Bd3 Be7 12. e5 dxe5 13. fxe5 Nd7 14. Bxe7
Qxe7 15. Be4 Rc8 16. Bxc6 Rxc6 17. Ne4 Nxe5 18. Qd4 f6 19. Nd6+ Kf8 20. Rhe1 h5
21. Rxe5 fxe5 22. Qf2+ Kg8 23. Nf7 Qf6 24. Qxf6 gxf6 25. Nxh8 Kxh8 26. Rd7 Kg8
27. b3 f5 28. Kd2 h4 29. c3 e4 30. Kc2 e5 31. a4 b4 32. c4 Rg6 33. Rd2 Kf7 34.
Rf2 Ke6 35. Kd2 f4 36. Ke1 e3 37. Rc2 e4 38. Kf1 f3 39. gxf3 exf3 40. Ke1 Rg2
0-1

[Event "Richmond Hill Pro-Am int."]
[Site "Richmond Hill CAN"]
[Date "2006.??.??"]
[Round "3"]
[White "Kaufman, Larry"]
[Black "Thavandiran, Shiyam"]
[Result "1/2-1/2"]
[WhiteElo "2358"]
[BlackElo "2264"]
[PlyCount "125"]
[EventDate "2006.08.04"]
[EventType "tourn"]
[EventRounds "9"]
[EventCountry "CAN"]

1. d4 e6 2. c4 Nf6 3. Nc3 Bb4 4. Qc2 c5 5. dxc5 Na6 6. a3 Bxc3+ 7. Qxc3 Nxc5 8.
f3 a5 9. e4 d6 10. Be3 Qb6 11. Rd1 a4 12. Qd4 Ra6 13. e5 Qa5+ 14. Qd2 Qxd2+ 15.
Rxd2 Nfd7 16. exd6 Rc6 17. Ne2 b6 18. Nc3 Ba6 19. Rd1 f6 20. Na2 Rc8 21. Nb4
Bb7 22. Be2 Kf7 23. Kf2 Rhd8 24. Rhe1 Kf8 25. Bf1 Kf7 26. h4 g6 27. g3 Kg7 28.
Bd4 Kf7 29. Bh3 f5 30. Bf1 Re8 31. Nd3 Nxd3+ 32. Bxd3 e5 33. Be3 Bxf3 34. Kxf3
e4+ 35. Kf2 exd3 36. Rxd3 Rxc4 37. Red1 Rc2+ 38. R3d2 Rec8 39. Bd4 Ke6 40. Bc3
Rxd2+ 41. Rxd2 Nc5 42. Rd4 b5 43. Kg2 Ne4 44. Bb4 Rc2+ 45. Kf3 Kd7 46. g4 Rxb2
47. gxf5 gxf5 48. Kf4 Rf2+ 49. Ke5 Ng3 50. Rd5 Re2+ 51. Kf4 Nh5+ 52. Kg5 Ng7
53. Rxb5 Ne6+ 54. Kf6 Nd8 55. Rxf5 Nc6 56. Bc5 Rg2 57. Rg5 Rxg5 58. hxg5 Nd8
59. Bb4 Ne6 60. Kf5 Nd8 61. Kf6 Ne6 62. Kf5 Nd8 63. Kf6 1/2-1/2

[Event "Richmond Hill Pro-Am int."]
[Site "Richmond Hill CAN"]
[Date "2006.??.??"]
[Round "4"]
[White "Thavandiran, Shiyam"]
[Black "Gerzhoy, Leonid"]
[Result "1-0"]
[WhiteElo "2264"]
[BlackElo "2386"]
[PlyCount "129"]
[EventDate "2006.08.04"]
[EventType "tourn"]
[EventRounds "9"]
[EventCountry "CAN"]

1. e4 c5 2. Nf3 d6 3. d4 cxd4 4. Nxd4 Nc6 5. Nc3 e6 6. Be3 Nf6 7. f3 Be7 8. Qd2
O-O 9. O-O-O a6 10. g4 Nxd4 11. Qxd4 b5 12. g5 Nd7 13. h4 Bb7 14. Be2 Rc8 15.
Kb1 Ne5 16. h5 Nc4 17. Bxc4 Rxc4 18. Qd2 f5 19. g6 Bf6 20. h6 hxg6 21. hxg7
Bxg7 22. Qh2 Qf6 23. Rxd6 Bc8 24. exf5 gxf5 25. Rg1 Rh4 26. Qf2 Rh7 27. Bd4 Qe7
28. Be5 Kh8 29. Rxg7 Rxg7 30. Qh2+ Kg8 31. Bxg7 Qxg7 32. Rd1 Rf6 33. Ne2 Rh6
34. Qb8 Qf8 35. Rg1+ Kh8 36. Nf4 Qc5 37. Ng6+ Kg7 38. Qg3 Rh3 39. Qg5 Rh5 40.
Qg3 Rh3 41. Qg5 Rh5 42. Qc1 Kf7 43. Nf4 Rh8 44. Nd3 Qd4 45. Qg5 Qf6 46. Qf4 Bd7
47. Qd6 Qd8 48. c4 bxc4 49. Ne5+ Ke8 50. Qd4 Rf8 51. Nxc4 Qf6 52. Nd6+ Kd8 53.
Qb6+ Ke7 54. Qc5 Kd8 55. Rd1 Rg8 56. Qb6+ Ke7 57. Qc7 Qe5 58. Nc8+ Kf6 59. Qxd7
Qe2 60. Qe7+ Ke5 61. Qd6+ Kf6 62. Qd4+ Qe5 63. Qh4+ Rg5 64. f4 Qe4+ 65. Ka1 1-0

[Event "Richmond Hill Pro-Am int."]
[Site "Richmond Hill CAN"]
[Date "2006.??.??"]
[Round "5"]
[White "Stevens, Christian"]
[Black "Thavandiran, Shiyam"]
[Result "1/2-1/2"]
[WhiteElo "2314"]
[BlackElo "2264"]
[PlyCount "23"]
[EventDate "2006.08.04"]
[EventType "tourn"]
[EventRounds "9"]
[EventCountry "CAN"]

1. Nf3 Nf6 2. c4 e6 3. Nc3 d5 4. cxd5 exd5 5. d4 Bb4 6. Bg5 O-O 7. Rc1 h6 8.
Bxf6 Qxf6 9. a3 Bxc3+ 10. Rxc3 c6 11. e3 Bg4 12. Be2 1/2-1/2

[Event "Richmond Hill Pro-Am int."]
[Site "Richmond Hill CAN"]
[Date "2006.??.??"]
[Round "6"]
[White "Thavandiran, Shiyam"]
[Black "Thorvardson, Barry"]
[Result "1-0"]
[WhiteElo "2264"]
[BlackElo "2075"]
[PlyCount "95"]
[EventDate "2006.08.04"]
[EventType "tourn"]
[EventRounds "9"]
[EventCountry "CAN"]

1. e4 g6 2. d4 Bg7 3. Nc3 d6 4. g3 c5 5. Be3 cxd4 6. Bxd4 Nf6 7. h3 Nc6 8. Be3
O-O 9. Bg2 Bd7 10. Nge2 Ne5 11. b3 a6 12. a4 Rc8 13. a5 Bc6 14. O-O Ned7 15. g4
Nc5 16. Bxc5 dxc5 17. e5 Nd7 18. Bxc6 Rxc6 19. f4 f6 20. e6 Nb8 21. f5 Rd6 22.
Qe1 Bh6 23. Ne4 Be3+ 24. Kh1 Rd4 25. Nxd4 cxd4 26. c4 Qc7 27. Qe2 Nc6 28. g5
Qe5 29. Qg2 fxg5 30. fxg6 Rxf1+ 31. Rxf1 hxg6 32. Qf3 Bf4 33. h4 Qf5 34. hxg5
Be3 35. Qxf5 gxf5 36. Rxf5 Kg7 37. Kg2 Kg6 38. Rd5 Nb4 39. Rd7 Kf5 40. Rxe7
Kxe4 41. g6 Nc6 42. Rd7 d3 43. g7 Ne7 44. Rxe7 d2 45. Rd7 Bd4 46. Rxd4+ Kxd4
47. g8=Q Kc3 48. Qg7+ 1-0